| 000 | 00466nam a22001817a 4500 | ||
|---|---|---|---|
| 003 | CEME | ||
| 005 | 20210628203523.0 | ||
| 008 | 210316b xxu||||| |||| 00| 0 eng d | ||
| 020 | _a0-930403-20-7 | ||
| 040 | _c. | ||
| 082 | _a629.1 GUN'S | ||
| 100 |
_aStiefel, L _965983 |
||
| 245 | _aGun propulsion technology | ||
| 260 |
_aUSA _bAIAA _c1988 |
||
| 300 | _aXIX,569P | ||
| 650 |
_aBALLISTICS,INTERIOR PROPELLANTS ORDANANCE PROJECTILES _965984 |
||
| 942 |
_cBK _2ddc |
||
| 999 |
_c574043 _d574043 |
||